| 000 | 03108cam a22002174a 4500 | ||
|---|---|---|---|
| 005 | 20250605164222.0 | ||
| 008 | 250528s ||||||||||||||||||||||||d | ||
| 035 | _a20704 | ||
| 020 | _a9603511145 | ||
| 040 |
_aGR-AtMCL _bgre _dGR-AtMCL _eAACR2 |
||
| 245 | 1 | _aΑποτελεσματική Οργάνωση και Διοίκηση Πωλήσεων | |
| 260 |
_bΣταμούλης Α, _c1997 |
||
| 300 | _a584 | ||
| 505 | 0 | _aΠρόλογος, Εισαγωγικές Έννοιες Διοίκησης Πωλήσεων και Προσωπικής Πώλησης, Ο Ρόλος των Πωλήσεων στα Πλαίσια της Στρατηγικής Μάρκετινγκ, Διαδικασία Πώλησης, Μορφές - Τύποι Πωλήσεων, Στρατηγικός Σχεδισμός Πωλήσεων, Καθορισμός Στόχων Πωλήσεων, Σχεδιασμός Περιοχής Πώλησης, Καθορισμός Μεγέθους Δύναμης Πωλητών, Οργάνωση Δύναμης Πωλητών, Διοικητικές Λειτουργίες Πωλήσεων, Στρατολόγηση και Επιλογή και Πρόσληψη Πωλητών, Εκπαίδευση Πωλητών, Υποκίνηση και Αμοιβή Πωλητών, Επιτήρηση και Αξιολόγηση Πωλητών, Ανάλυση της Απόδοσης του Τμήματος Πωλήσεων και των Πωλητών, Μοντέλα και Εμπειρίες που Αφορούν την Απόδοση και την Ικανοποίηση από την Εργασία (Job Satisfaction) των Πωλητών, Βιβλιογραφία. | |
| 520 | _aΠρόλογος, Εισαγωγικές Έννοιες Διοίκησης Πωλήσεων και Προσωπικής Πώλησης, Ο Ρόλος των Πωλήσεων στα Πλαίσια της Στρατηγικής Μάρκετινγκ, Διαδικασία Πώλησης, Μορφές - Τύποι Πωλήσεων, Στρατηγικός Σχεδισμός Πωλήσεων, Καθορισμός Στόχων Πωλήσεων, Σχεδιασμός Περιοχής Πώλησης, Καθορισμός Μεγέθους Δύναμης Πωλητών, Οργάνωση Δύναμης Πωλητών, Διοικητικές Λειτουργίες Πωλήσεων, Στρατολόγηση και Επιλογή και Πρόσληψη Πωλητών, Εκπαίδευση Πωλητών, Υποκίνηση και Αμοιβή Πωλητών, Επιτήρηση και Αξιολόγηση Πωλητών, Ανάλυση της Απόδοσης του Τμήματος Πωλήσεων και των Πωλητών, Μοντέλα και Εμπειρίες που Αφορούν την Απόδοση και την Ικανοποίηση από την Εργασία (Job Satisfaction) των Πωλητών, Βιβλιογραφία. | ||
| 700 | 1 | _aΑυλωνίτης Γεώργιος Ι | |
| 700 | 1 |
_aΣταθακόπουλος Βλάσης _92096 |
|
| 942 | _cBK | ||
| 999 |
_c5789 _d5789 |
||